000
00265nam a22001217a 4500
041
_a
ENG
100
_a
Agareal .O.P
245
_a
I.I.T .Guide For Chemistry
260
_a
UP
_b
Modinagar
_c
1991
300
_a
992
650
_a
Chemistry (40)
856
_u
Chemistry (40)
999
_c
3009
_d
3009